Je možné se dobře uživit prací? Sociálně-ekonomické aspekty trhu práce a jejich vliv na fungování národního hospodářství
Súčasné charakteristiky trhu práce vo vzťahu k životnej úrovni občanov a spôsobom získavania zdrojov. Obmedzené možnosti politiky zamestnanosti. Vplyv na sociálnu štruktúru.
Saved in:
| Main Author: | |
|---|---|
| Other Authors: | |
| Format: | Book Chapter |
| Language: | Czech |
| Subjects: | |
| Tags: |
No Tags, Be the first to tag this record!
|
MARC
| LEADER | 00000naa a2200000 4500 | ||
|---|---|---|---|
| 001 | 0220660 | ||
| 005 | 20220713131122.0 | ||
| 041 | 0 | |a cze | |
| 044 | |a CZ | ||
| 245 | 1 | 0 | |a Je možné se dobře uživit prací? Sociálně-ekonomické aspekty trhu práce a jejich vliv na fungování národního hospodářství |c Jaroslava Durdisová, Jan Mertl |
| 520 | |a Súčasné charakteristiky trhu práce vo vzťahu k životnej úrovni občanov a spôsobom získavania zdrojov. Obmedzené možnosti politiky zamestnanosti. Vplyv na sociálnu štruktúru. | ||
| 610 | 2 | 0 | |a trh práce |
| 610 | 2 | 0 | |a prerozdeľovanie zdrojov finančných |
| 610 | 2 | 0 | |a politika sociálna |
| 610 | 2 | 0 | |a politika fiškálna |
| 610 | 2 | 0 | |a aktivita pracovná |
| 100 | 1 | |a Durdisová, Jaroslava | |
| 700 | 1 | |a Mertl, Jan | |